000
00307nam a22001337a 4500
008
170503b xxu||||| |||| 00| 0 eng d
020
_a
9780735577879
041
_a
eng
080
_a
343.9
100
_a
14
101
_a
SHJ
245
_a
CRIMINAL PROCEDURE ADJUDICATION
_c
CHEMERINSKY, E
942
_2
udc
_c
BK
999
_c
12596
_d
12596